Kant Prolegomenái minden lehető metafizikához, mely tudományként fog szerepelhetni. [könyvismertetés] /

Elmentve itt :
Bibliográfiai részletek
Szerző: Alexander Bernát
További közreműködők: Kant Immanuel
Dokumentumtípus: Cikk
Megjelent: 1909
Sorozat:Magyar pedagógia : a Magyar Tudományos Akadémia Pedagógiai Bizottságának folyóirata 18
Kulcsszavak:Kant Immanuel, Filozófia könyvismertetés, Filozófia
Online Access:http://misc.bibl.u-szeged.hu/8459
LEADER 00787nab a2200193 i 4500
001 misc8459
005 20191106143843.0
008 170607s1909 hu o 0|| hun d
022 |a 0025-0260 
040 |a SZTE Miscellanea Repozitórium  |b hun 
041 |a hun 
100 1 |a Alexander Bernát 
245 1 0 |a Kant Prolegomenái minden lehető metafizikához, mely tudományként fog szerepelhetni.   |h [elektronikus dokumentum] :  |b [könyvismertetés] /  |c  Alexander Bernát 
260 |c 1909 
300 |a 45 
490 0 |a Magyar pedagógia : a Magyar Tudományos Akadémia Pedagógiai Bizottságának folyóirata  |v 18 
695 |a Kant Immanuel, Filozófia könyvismertetés, Filozófia 
700 0 1 |a Kant Immanuel 
856 4 0 |u http://misc.bibl.u-szeged.hu/8459/1/mp_1909_1340_045.pdf  |z Dokumentum-elérés